000 00452nam a2200181Ia 4500
008 230524s9999 xx 000 0 und d
020 _a8177584189
082 _a621.382
_bMYN
100 _aDjafar K.Mynbaev
245 0 _aFiber Optic Communications Technology
250 _a1ST
260 _aNEW DELHI
_bPearson
_c2005
300 _a756
500 _aQuantity Number: 59
650 _aElectronics
700 _a Lowell L. Scheiner
942 _cBK
999 _c12683
_d12683